| 000 | 00896nam a22002417a 4500 | ||
|---|---|---|---|
| 999 |
_c9986 _d9986 |
||
| 003 | AR-CdUCM | ||
| 008 | 190329b ||||| |||| 00| 0 que d | ||
| 040 |
_aMUNICIPALIDAD PROVINCIAL DEL CUSCO _cBIBLIOTECA MUNICIPAL DEL CUSCO |
||
| 082 |
_a869.5 / _bF66U / 1967 |
||
| 100 |
_aFlorian, Mario _914609 |
||
| 245 | _aUllantay-tampu haylli / | ||
| 260 |
_aLima : _bTalleres gráficos de la Cía. de impresiones y publicidad, _c1967. |
||
| 300 |
_a[s.n] ; _c24.5 cm. |
||
| 500 | _aDonación de la familia Nieto. Publicación artesanal. | ||
| 505 | _aVersión qheswa de "Cantar de Ollantaytambo", de Mario Florián. | ||
| 650 |
_aPoesía quechua _911613 |
||
| 650 |
_aPoetas indigenistas _926563 |
||
| 650 |
_aPoesía en quechua - Traducción _926564 |
||
| 650 |
_aPoetas peruanos _91611 |
||
| 700 |
_aFarfán, J. M. B (Traducción Quechua) _926565 |
||
| 942 |
_2ddc _cLIBROS |
||
| 945 | _alccs | ||